Muzyka dla klas IV-VIII : podręcznik repertuarowy /
Guardado en:
| Autor principal: | |
|---|---|
| Autor Corporativo: | |
| Formato: | Libro |
| Lenguaje: | polaco |
| Publicado: |
Dzierżoniów :
"Alex",
dr. 1997.
|
| Edición: | Wyd. 4 popr. i uzup. |
| Materias: | |
| Etiquetas: |
Sin Etiquetas, Sea el primero en etiquetar este registro!
|
MARC
| LEADER | 00000cam a2200000 i 4500 | ||
|---|---|---|---|
| 001 | 9914904257405606 | ||
| 005 | 20260515140228.0 | ||
| 008 | 110827s1997 pl a f 000 0 pol c | ||
| 020 | |a 8385589074 | ||
| 035 | |a 866475-48omnis_network | ||
| 035 | |a (PL)b0001480238705 | ||
| 040 | |a POZN U |c POZN U | ||
| 090 | |c 118 |d 117 | ||
| 100 | 1 | |a Kaja, Piotr | |
| 245 | 1 | 0 | |a Muzyka dla klas IV-VIII : |b podręcznik repertuarowy / |c Piotr Kaja. |
| 250 | |a Wyd. 4 popr. i uzup. | ||
| 260 | |a Dzierżoniów : |b "Alex", |c dr. 1997. | ||
| 300 | |a 176 s. : |b il. ; |c 21 cm. | ||
| 650 | |a Muzyka |v podręczniki dla szkół podstawowych. | ||
| 710 | 2 | |a Wydawnictwo Alex | |
| 920 | |a 83-85589-07-4 | ||
| 942 | |c K | ||
| 952 | |0 0 |1 0 |4 0 |6 R__87_000000000000000 |7 0 |9 110 |a RYT |b RYT |d 2026-05-13 |e 1/2014 |g 10.00 |l 0 |o R.87 |p 2000000000879 |r 2026-05-15 14:02:28 |w 2026-05-15 |y BK |z da | ||
| 999 | |c 110 |d 110 | ||